<?xml version="1.0" encoding="UTF-8"?>
<record
    xmlns:xsi="http://www.w3.org/2001/XMLSchema-instance"
    xsi:schemaLocation="http://www.loc.gov/MARC21/slim http://www.loc.gov/standards/marcxml/schema/MARC21slim.xsd"
    xmlns="http://www.loc.gov/MARC21/slim">

  <leader>00668nam a2200217 u 4500</leader>
  <controlfield tag="001">53540</controlfield>
  <controlfield tag="005">20260428104539.0</controlfield>
  <controlfield tag="008">960313s1986                        spa  </controlfield>
  <datafield tag="035" ind1=" " ind2=" ">
    <subfield code="a">53540</subfield>
  </datafield>
  <datafield tag="035" ind1=" " ind2=" ">
    <subfield code="a">(OCoLC)778153303</subfield>
  </datafield>
  <datafield tag="040" ind1=" " ind2=" ">
    <subfield code="c">comduadb</subfield>
  </datafield>
  <datafield tag="041" ind1=" " ind2=" ">
    <subfield code="a">spa</subfield>
  </datafield>
  <datafield tag="110" ind1="2" ind2="0">
    <subfield code="a">Dialogo Interamericano (Washington)</subfield>
    <subfield code="4">aut</subfield>
    <subfield code="e">aut</subfield>
    <subfield code="9">828875</subfield>
  </datafield>
  <datafield tag="245" ind1="1" ind2="0">
    <subfield code="a">Informe del dialogo interamericano</subfield>
  </datafield>
  <datafield tag="260" ind1=" " ind2=" ">
    <subfield code="a">Estados Unidos :</subfield>
    <subfield code="b">Instituto Asperi de Estudios Humanisticos,</subfield>
    <subfield code="c">1986.</subfield>
  </datafield>
  <datafield tag="300" ind1=" " ind2=" ">
    <subfield code="a">73 p&#xE1;ginas</subfield>
  </datafield>
  <datafield tag="600" ind1=" " ind2="0">
    <subfield code="a">Rawls, John</subfield>
    <subfield code="d">1921-2002</subfield>
    <subfield code="9">238079</subfield>
  </datafield>
  <datafield tag="650" ind1=" " ind2="7">
    <subfield code="a">Cooperaci&#xF3;n internacional</subfield>
    <subfield code="2">armarc</subfield>
    <subfield code="9">1823</subfield>
  </datafield>
  <datafield tag="650" ind1=" " ind2=" ">
    <subfield code="a">Di&#xE1;logo interamericano - Informes</subfield>
    <subfield code="9">8138</subfield>
  </datafield>
  <datafield tag="942" ind1=" " ind2=" ">
    <subfield code="c">BOOK</subfield>
  </datafield>
  <datafield tag="999" ind1=" " ind2=" ">
    <subfield code="c">7980</subfield>
    <subfield code="d">7980</subfield>
  </datafield>
  <datafield tag="952" ind1=" " ind2=" ">
    <subfield code="0">0</subfield>
    <subfield code="1">0</subfield>
    <subfield code="4">0</subfield>
    <subfield code="7">0</subfield>
    <subfield code="8">SEMIACTIVA</subfield>
    <subfield code="a">BC</subfield>
    <subfield code="b">BC</subfield>
    <subfield code="d">1998-05-19</subfield>
    <subfield code="i">C88176</subfield>
    <subfield code="l">0</subfield>
    <subfield code="o">327.17 D536i 1989</subfield>
    <subfield code="p">61000002583488</subfield>
    <subfield code="r">2023-04-20 00:00:00</subfield>
    <subfield code="t">2</subfield>
    <subfield code="w">2023-04-20</subfield>
    <subfield code="y">BOOK</subfield>
  </datafield>
</record>
